| 000 | 01350cas a2200385 a 4500 | ||
|---|---|---|---|
| 001 | 9422 | ||
| 003 | BD-RjUL | ||
| 005 | 20211208234757.0 | ||
| 008 | 140121s1982 enkuu 0 1 0eng d | ||
| 030 | _aPPNPDB | ||
| 035 | _a(OCoLC)4259037 | ||
| 035 | _a(OCoLC)ocm04259037 | ||
| 035 | _a(CStRLIN)NYCG83-S972 | ||
| 035 | _a(BD-RjUL)9467 | ||
| 035 | _a(NNC)201965 | ||
| 040 |
_aMCM _cMCM _dCtY _dDLC _dNSDP _dFU _dDLC _dNSDP _dDLC _dNST _dOCL _dNST _dNNC _dBD-RjUL _beng |
||
| 041 | _aeng | ||
| 082 |
_a539.721 _bPRO 1982 |
||
| 090 |
_aQC770 _b.P76 |
||
| 245 | 0 | 0 |
_aProgress in particle and nuclear physics / _cedited by Denys Wilkinson _nVolume 8 |
| 246 | 1 | 0 | _aParticle and nuclear physics |
| 260 |
_aOxford ; _aNew York : _bPergamon Press, _cc1982 |
||
| 300 |
_aviii, 446 : _bill. ; _c25 cm. |
||
| 500 | _aSome vols. also have distinctive titles. | ||
| 504 | _aIncludes index. | ||
| 520 | _aSome vols. consist of proceedings of the International School of Nuclear Physics, 1976- | ||
| 650 | 0 |
_aParticles (Nuclear physics) _920725 |
|
| 650 | 0 |
_aNuclear physics. _929201 |
|
| 711 | 2 |
_aInternational School of Nuclear Physics. _tProceedings of the International School of Nuclear Physics. _929202 |
|
| 780 | 0 | 0 |
_tProgress in nuclear physics _x0079-659X |
| 942 |
_2ddc _cBK |
||
| 999 |
_c9422 _d9422 |
||